Normal view
MARC view
Entry Topical Term
001 - CONTROL NUMBER
- control field: 1747
003 - CONTROL NUMBER IDENTIFIER
- control field: ARRUPE
005 - DATE AND TIME OF LATEST TRANSACTION
- control field: 20130930173023.0
008 - FIXED-LENGTH DATA ELEMENTS
- fixed length control field: 130930|| aca||aabn | a|a d
040 ## - CATALOGING SOURCE
- Original cataloging agency: ARRUPE
- Transcribing agency: ARRUPE
150 ## - HEADING--TOPICAL TERM
- Topical term or geographic name as entry element: PHILOSOPHY / History & Surveys / General.
670 ## - SOURCE DATA FOUND
- Source citation: Work cat.: (ARRUPE)0: Podoksik, Efraim 1745, The Cambridge companion to Oakeshott /, 2012.